| 000 | 00726cab a2200217 4500 | ||
|---|---|---|---|
| 001 | WB2820-51 | ||
| 008 | 090401t1992 xxu||||| |||| 00| 0 eng d | ||
| 035 | _a(Sirsi) u13024 | ||
| 041 | _aeng | ||
| 245 | _aMisleading marketing | ||
| 260 | _c1992 | ||
| 350 | _a0 | ||
| 490 |
_aChartered Surveyor Weekly _v39(8) 21 May 1992, 15(1) |
||
| 520 | _aA retail tenant at Brent Walker`s Brighton Marina development is suing for damages over what it claims were misleading marketing details. | ||
| 650 | _aBRIGHTON MARINA DEVELOPMENT CO | ||
| 650 | _aPROPERTY DESCRIPTIONS | ||
| 650 | _aPROPERTY MISDESCRIPTIONS ACT 1991 | ||
| 690 | _aMANAGEMENT-BUSINESS MANAGEMENT-PROFESSIONAL PRACTICE | ||
| 942 | _n0 | ||
| 948 | _c04/03/1997 | ||
| 999 |
_c8371 _d8371 |
||